Manual de retórica literaria : fundamentos de una ciencia de la literatura /

Segundo de tres volúmenes en el que el autor ofrece una visión panorámica del conjunto de los fenómenos literarios, figuras y símbolos, que los antiguos (griegos y latinos) veían como adornos o artificios y que el análisis estilístico de nuestros días considera en su justo valor al descubrir su prof...

Πλήρης περιγραφή

Αποθηκεύτηκε σε:
Λεπτομέρειες βιβλιογραφικής εγγραφής
Κύριος συγγραφέας: Lausberg, Heinrich (autor)
Μορφή: Βιβλίο
Γλώσσα:Ισπανικά
Έκδοση: Madrid, España : Gredos, 1976, c1976
Σειρά:(Biblioteca Románica Hispánica. Manuales ; 15-2)
Θέματα:
Ετικέτες: Προσθήκη ετικέτας
Δεν υπάρχουν, Καταχωρήστε ετικέτα πρώτοι!

MARC

LEADER 00000nam^a2200000^a^4500
001 000160687
005 20250521000000.0
009 20260310100731.181
020 |a 84-249-1145-8 
037 |a Acervo ITESO - Biblioteca 
041 |a ESP 
082 |a 809. 01  |b LAU V. 2 
100 |a Lausberg, Heinrich  |e (autor) 
245 1 0 |a Manual de retórica literaria :  |b fundamentos de una ciencia de la literatura /  |c H. Lausberg ; tr. por José Pérez Riesco. 
264 4 |a Madrid, España :  |b Gredos,  |c 1976, c1976 
300 |a 517 p. 
336 |a texto  |b txt  |2 rdacontenido 
337 |a sin mediación  |b n  |2 rdamedio 
338 |a volumen  |b nc  |2 rdasoporte 
440 1 |a (Biblioteca Románica Hispánica.  |p Manuales ;  |v 15-2) 
500 |a Traducción de: Handbuch der literarischen Phetorik. Eine Grundlegung der Literaturwissenschaft 
520 |a Segundo de tres volúmenes en el que el autor ofrece una visión panorámica del conjunto de los fenómenos literarios, figuras y símbolos, que los antiguos (griegos y latinos) veían como adornos o artificios y que el análisis estilístico de nuestros días considera en su justo valor al descubrir su profundo significado, a pesar del desprecio de tantos sabios ignorantes. En este ejemplar se ofrece una división y exposición de la retórica. 
649 |a XX 
650 |a Retórica 
650 |a Poética 
650 |a Literatura Latina -  |x Historia y Crítica 
650 |a Literatura Griega -  |x Historia y Crítica 
650 |a Literatura Clásica -  |x Historia y Crítica 
650 |a Literatura -  |x Historia y Crítica 
650 |a Filología 
910 |a Fondo Armando Suárez Gómez 
920 |a Impresos - Libros 
930 |a Fondos Especiales 
940 |a Literatura 
905 |a 111 
901 |a 0700005614  |b IT2  |c ESP  |u 20250521 
902 |a https://opac.biblio.iteso.mx/vufind/Record/000160687